El golpe de Estado del 28 de Junio de 2009 el patrimonio cultural y la identidad nacional de Honduras
Guardat en:
| Autor principal: | |
|---|---|
| Format: | Desconegut |
| Idioma: | Spanish |
| Publicat: |
San Pedro Sula, Honduras
Centro Editorial
c2010
|
| Matèries: | |
| Etiquetes: |
Afegir etiqueta
Sense etiquetes, Sigues el primer a etiquetar aquest registre!
|
MARC
| LEADER | 000000000a22000000004500 | ||
|---|---|---|---|
| 001 | 000282 | ||
| 008 | 140603s2010 h a|||f |||| 00| 0 spa d | ||
| 020 | |a 9789992676974 | ||
| 082 | |a 972.83 E89g | ||
| 100 | 1 | |a Euraque, Darío A. | |
| 245 | 1 | 3 | |a El golpe de Estado del 28 de Junio de 2009 |b el patrimonio cultural y la identidad nacional de Honduras |c Darío A. Euraque |
| 260 | |a San Pedro Sula, Honduras |b Centro Editorial |c c2010 | ||
| 300 | |a 433 páginas |b ilustraciones a color, mapa |e + 1 videodisco (4 3/4 plg.) | ||
| 500 | |a Número de inscripción 13157 -- "El capítulo 3 fue escrito en colaboración con Yesenia Martínez"-- Colaboración deMartínez, Yesenia y Farias, Manuel. | ||
| 650 | 4 | |a CARACTERISTICAS NACIONALES HONDUREÑAS | |
| 650 | |a HONDURAS | ||
| 651 | 4 | |a HONDURAS |x POLITICA Y GOBIERNO |z 1982- | |
| 942 | |2 ddc |c BK | ||
| 999 | |c 1102 |d 1102 | ||



